Statistics for Random us city to state

Click here to take the quiz!

General Stats

  • This quiz has been taken 10 times
  • The average score is 12 of 15

Answer Stats

HintAnswer% Correct
JuneauAlaska
100%
Little rockArkansas
100%
Las VegasNevada
100%
AlbanyNew york
100%
DallasTexas
100%
BrooklineMassachusetts
88%
NewarkNew jersey
88%
PhilapediaPennsylvania
88%
CerritosCalifornia
75%
St.AugustineFlorida
75%
GaryIndiana
75%
HelenaMontana
75%
New portRhode Island
75%
GreenvilleSouth Carolina
63%
WelchWest Virginia
25%

Score Distribution

Percentile by Number Answered

Percent of People with Each Score

Your Score History

You have not taken this quiz